Logos des marques italiennes - Statistiques

Statistiques générales
  • Ce quiz a été pris 216 fois
  • Le résultat moyen est 9 sur 16
Statistiques - réponses
Par images Réponse % Correct
Ferrari
97%
Gucci
92%
Alfa Romeo
91%
Lamborghini
86%
Barilla
79%
Kappa
78%
Versace
78%
Prada
68%
Ferrero Rocher
65%
Moncler
37%
Buittoni
35%
Eni
35%
Valentino
34%
Giorgio Armani
8%
Saipem
1%
Laverda
0%
Aucun quiz correspondant
Distribution des résultats
% des personnes avec chaque résultat
Percentile par nombre de réponses
Votre historique - résultats
Vous n’avez pas pris ce quiz